Libro desconocido / (Record no. 6455)
[ view plain ]
| 000 -LEADER | |
|---|---|
| campo de control de longitud fija | 00483ntaaa2200181 4500 |
| 003 - IDENTIFICADOR DE NÚMERO DE CONTROL | |
| campo de control | 01 |
| 005 - FECHA Y HORA DE LA ÚLTIMA TRANSACCIÓN | |
| campo de control | 20251027201219.0 |
| 008 - DATOS DE LONGITUD FIJA--INFORMACIÓN GENERAL | |
| campo de control de longitud fija | 0714s1973 ag 01 |
| 040 ## - FUENTE DE CATALOGACIÓN | |
| Centro catalogador/agencia de origen | AR-BaBN |
| Lengua de catalogación | spa |
| Centro/agencia transcriptor | AR-BaBN |
| Normas de descripción | aacr |
| Centro/agencia modificador | RIC |
| 082 ## - NÚMERO DE LA CLASIFICACIÓN DECIMAL DEWEY | |
| Número de clasificación | 220.7 T85 |
| 100 ## - ENTRADA PRINCIPAL--NOMBRE DE PERSONA | |
| Nombre de persona | Turner, Carlos |
| 9 (RLIN) | 10113 |
| 245 ## - MENCIÓN DEL TÍTULO | |
| Título | Libro desconocido / |
| Mención de responsabilidad, etc. | Carlos Turner |
| 250 ## - MENCION DE EDICION | |
| Mención de edición | 1 ed. : |
| Resto de la mención de edición | Aurora, |
| -- | 1943 |
| 300 ## - DESCRIPCIÓN FÍSICA | |
| Extensión | 170 p. |
| 500 ## - NOTA GENERAL | |
| Nota general | La Biblia, carta magna del cristianismo y de la humanidad. |
| 650 ## - PUNTO DE ACCESO ADICIONAL DE MATERIA--TÉRMINO DE MATERIA | |
| Término de materia o nombre geográfico como elemento de entrada | Biblia |
| 9 (RLIN) | 468 |
| 942 ## - ELEMENTOS DE ENTRADA SECUNDARIOS (KOHA) | |
| Tipo de ítem Koha | Colección General |
| Estatus retirado | Estado de pérdida | Estado de daño | No para préstamo | Biblioteca de origen | Biblioteca actual | Fecha de adquisición | Número de inventario | Total de préstamos | Signatura topográfica completa | Código de barras | Visto por última vez | Precio de reemplazo | Tipo de ítem Koha |
|---|---|---|---|---|---|---|---|---|---|---|---|---|---|
| Biblioteca Pluis | Biblioteca Pluis | 27/10/2025 | 001681 | 220.7 T85 | 001681 | 27/10/2025 | 27/10/2025 | Colección General | |||||
| Biblioteca Pluis | Biblioteca Pluis | 27/10/2025 | 002949 | 002949 | 27/10/2025 | 27/10/2025 | Colección General | ||||||
| Biblioteca Pluis | Biblioteca Pluis | 27/10/2025 | 004341 | 004341 | 27/10/2025 | 27/10/2025 | Colección General | ||||||
| Biblioteca Pluis | Biblioteca Pluis | 27/10/2025 | 004342 | 004342 | 27/10/2025 | 27/10/2025 | Colección General | ||||||
| Biblioteca Pluis | Biblioteca Pluis | 27/10/2025 | 004343 | 004343 | 27/10/2025 | 27/10/2025 | Colección General | ||||||
| Biblioteca Pluis | Biblioteca Pluis | 27/10/2025 | 004344 | 004344 | 27/10/2025 | 27/10/2025 | Colección General | ||||||
| Biblioteca Pluis | Biblioteca Pluis | 27/10/2025 | 004345 | 004345 | 27/10/2025 | 27/10/2025 | Colección General | ||||||
| Biblioteca Pluis | Biblioteca Pluis | 27/10/2025 | 004346 | 004346 | 27/10/2025 | 27/10/2025 | Colección General |
